Príprava a štúdium komplexov s potenciálnou superoxiddismutáze podobnou aktivitou diplomová práca

Saved in:
Bibliographic Details
Main Author: Piroš, Milan
Format: Book
Language:Slovak
Published: Bratislava STU FCHPT 2019
Online Access:View in OPAC
Tags: Add Tag
No Tags, Be the first to tag this record!

MARC

LEADER 00000nam a2200000 a 4500
005 20260127134201.0
008 190612 2019 xo a 001 0 slo d
035 |a vtls011870901 
039 9 |y 201906121200  |z mschk03 
040 |a STUSCHK1  |b slo  |c STUSCHK1  |e AACR2 
100 1 |a Piroš, Milan 
245 1 |a Príprava a štúdium komplexov s potenciálnou superoxiddismutáze podobnou aktivitou  |b diplomová práca  |c Milan Piroš 
260 |a Bratislava  |b STU FCHPT  |c 2019 
300 |a 93 s.  |b Obr., tab.  |c 25 cm 
500 |a Študijný program: technická chémia 
500 |a Študijný odbor. chémia, chemické technológie 
500 |a Školiace pracovisko: Oddelenie anorganickej chémie 
500 |a Evid. číslo: FCHPT-104542-76470 
910 |a SCHK95 
999 |c 6084  |d 6084